000 00527nam a2200193 a 4500
001 1768117515755
003 YourLibrary
005 20260112125814.0
008 260111s2004##################000#0#eng##
020 _a9781844830138
082 0 4 _a302.2223
_bTRE
100 1 _aTresidder, Jack,
_eauthor.
245 1 0 _aThe Complete Dictionary of Symbols :
260 _bDuncan Baird Publishers,
_c2004.
300 _a544 pages
650 0 _aAdvertising campaigns.
942 _cENGLISH
040 _aYourLibrary
_beng
_cYourLibrary
999 _c608269
_d608269